00630pab a2200181 454500008004000000100002100040245013800061260000900199300001500208362000800223650001900231650001500250700002000265773002800285909001100313999001900324952010500343180718b2017 xxu||||| |||| 00| 0 eng d aAndre, Stefanie  aPerceived in-group discrimination by first and second generation immigrants from different countries of origin in 27 EU member-states c2017 ap.105-129. aJan aEuropean Union aImmigrants aDronkers, Jaap  aInternational Sociology a113740 c113734d113734 00104070aIIPAbIIPAd2018-07-19hVolume no: 32, Issue no: 1pAR114200r2018-07-19w2018-07-19yAR